000 02729nam0a2200361 4500
001 RU\NLR\bibl\1123918
005 20250615065553.0
021 _aRU
_b2007-49495
_92620
035 _a(nilc)RSL-KNO-003149715
035 _a(NLR Aleph) 001110867
090 _a1237228
_c1237228
100 _a20070727d2007 |||y0rusy50 ca
101 0 _arus
102 _aRU
105 _aa zzzz|||||
200 1 _aСоциальный контроль военной службы в Российской Федерации
_e(социологический анализ на примере военнослужащих Вооруженных сил РФ)
_eэкскурс в историю становления социологических взглядов о социальном контроле, управленческая модель регулирования организации социального контроля военной службы, методология социологического анализа: объяснение и понимание, современное состояние: цель и задачи, структура и функции, ресурсы и результаты, технология оптимизации: противоречия, приоритеты, направления и пути : монография
_fС. В. Назаренко, к.социол.н.
_gМ-во обороны Российской Федерации, Череповецкий военный инженерный ин-т радиоэлектроники
210 _aЧереповец
_cЧВИИРЭ
_d2007
215 _a320 с.
_cил., табл.
_d20
320 _aБиблиогр. в подстроч. прим.
606 1 _aВооруженные силы
_xСоциологические исследования
_yРоссийская Федерация
_92271314
_3RU\NLR\auth\661361331
606 1 _aДействительная военная служба
_yРоссийская Федерация
_92079837
_3RU\NLR\auth\661255735
610 0 _aГосударство и право. Юридические науки -- Административное право -- Российская Федерация -- Управление в области обороны
686 _aХ621.161,0
_2rubbk
686 _aС550.518
686 _aЦ4,6(2Р)24
700 1 _4070
_aНазаренко
_bС. В.
_cканд. социол. наук
_gСергей Владимирович
_9195836
_3RU\NLR\AUTH\770195887
801 0 _aRU
_bРКП
_c20070727
_grcr
801 1 _aRU
_bРГБ
_c20070727
801 2 _aRU
_bNLR
_c20070905
_grcr
942 _cBOOK
980 _aNB